Saint-Lô - Les emblématiques remparts - Statistiques

Statistiques générales
  • Ce quiz a été pris 2 fois
  • Le résultat moyen est 5 sur 16
Statistiques - réponses
Question Réponse % Correct
Ce qui correspond à quel siècle ? IXème
100%
Quelle rivière borde les remparts de Saint-Lô ? La Vire
100%
Quelle appellation a été donnée à Saint-Lô après les bombardements de 1944 ? Capitale des ruines
50%
À quelle époque les premières fortifications de Saint-Lô ont-elles été construites ? Carolingienne
50%
Qui était le roi de France à cette période ? Charlemagne
50%
Quel roi français a renforcé les remparts de Saint-Lô au XIIIe siècle afin de contrer les invasions anglaises ? Philippe Auguste
50%
Quelle tour emblématique offre une vue sur la vallée de la Vire ? Tour des Beaux-Regards
50%
Quelle est la hauteur approximative des remparts à leur apogée ? 10 mètres
0%
Quelle était l’épaisseur maximale des murs des remparts ? 2 mètres
0%
Quel événement a gravement endommagé les remparts en 1944 ? Bombardements alliés
0%
Quelle partie des remparts a été détruite en 1812 pour faciliter l'expansion urbaine ? Citadelle
0%
Quelle fonction militaire remplissaient les remparts au Moyen Âge ? Défense contre les invasions
0%
Quelle forme générale avait l’enceinte fortifiée de Saint-Lô ? Fer à cheval
0%
Quel matériau local a principalement servi à la construction des remparts ? Granite
0%
Quelle porte fortifiée, qui est une ancienne entrée secondaire de la ville médiévale, est encore visible aujourd’hui à Saint-Lô ? Porte de la Poterne
0%
Quelle est la fonction actuelle des remparts dans la ville ? Promenade historique et touristique
0%
Aucun quiz correspondant
Distribution des résultats
% des personnes avec chaque résultat
Percentile par nombre de réponses
Votre historique - résultats
Vous n’avez pas pris ce quiz